Tao Đàn 1939 (Sưu tập trọn bộ tạp chí văn học của nhà xuất bản Tân Dân; T2

Gardado en:
Detalles Bibliográficos
Formato: Libro
Idioma:Undetermined
Publicado: Hà Nội Văn Học 1998
Những chủ đề:
Các nhãn: Engadir etiqueta
Sen Etiquetas, Sexa o primeiro en etiquetar este rexistro!
Thư viện lưu trữ: Trung tâm Học liệu Trường Đại học Cần Thơ
LEADER 00555nam a2200169Ia 4500
001 CTU_27445
008 210402s9999 xx 000 0 und d
020 |b 70.000đ 
082 |a 808 
082 |b T108/T2 
245 0 |a Tao Đàn 1939 (Sưu tập trọn bộ tạp chí văn học của nhà xuất bản Tân Dân; T2 
260 |a Hà Nội 
260 |b Văn Học 
260 |c 1998 
650 |a vietnamese literature - 20th century - collections 
904 |i Minh, 981222 
980 |a Trung tâm Học liệu Trường Đại học Cần Thơ